000 00464nam a2200157Ia 4500
008 220216s9999 xx 000 0 und d
100 _aKaur Baljinder
245 0 _aImpact of climate change and cropping pattern on ground water resources of Punjab
260 _bIndian Journal of Agricultural Economics
_c2011
300 _a373-391
500 _aSource Year: 2011
650 _aClimate change
650 _aCropping pattern
650 _aPunjab
942 _cJS
999 _c60709
_d60709